U.S. Restaurant Chains by Date and Place of Founding - Statistics

General Stats
  • This quiz has been taken 92 times
  • The average score is 7 of 15
Answer Stats
Type Year City Answer % Correct
Coffee 1971 Seattle, WA Starbucks
100%
Burger 1955 San Bernardino, CA McDonald's
95%
Sandwich 1965 Bridgeport, CT Subway
62%
Chicken 1946 Atlanta, GA* Chick-fil-a
54%
Chicken 1972 New Orleans, LA*** Popeyes Louisiana Kitchen
51%
Italian 1982 Orlando, FL Olive Garden
49%
Mexican 1993 Denver, CO Chipotle
46%
Coffee 1964 Hamilton, ON, Canada Tim Hortons
41%
Burger 1948 Los Angeles, CA** In-n-Out Burger
38%
Burger 1950 Corpus Christi, TX Whataburger
28%
Burger 1986 Arlington, VA Five Guys
26%
Burger 1921 Wichita, KS White Castle
21%
Burger / Ice Cream 1984 Sauk City, WI Culver's
20%
Steakhouse 1993 Clarksville, IN Texas Roadhouse
14%
American 1953 Oklahoma City, OK**** Sonic Drive-In
11%
No matching quizzes found
Score Distribution
Percent of People with Each Score
Percentile by Number Answered
Your Score History
You have not taken this quiz